Videospiel Synonyme - Statistiken

Allgemein
  • Dieses Quiz wurde 716 mal gespielt
  • Das Durchschnittsergebnis liegt bei 6 aus 17
Antwortstatistiken
Synonym Videospiel % Korrekt
Interesse der Geschwindigkeit Need for Speed
83%
Telefonat der Forderung Call of Duty
73%
Gruft Dieb Tomb Raider
57%
wenn man vergeblich versucht Dinge zu stapeln, um Platz zu sparen Tetris
55%
Einfach steppen Just Dance
52%
Kraut gegen Willenlosen Plants vs. Zombies
52%
Kollision der Sippen Clash of Clans
44%
Tonlose Höhe Silent Hill
37%
Herr des Gefechts God of War
34%
Monarchie Pumporgane Kingdom Hearts
33%
Gänse Suche Duck Hunt
29%
Grubenberuf Minecraft
27%
Endspurt Illusion Final Fantasy
19%
Leckerbissen eindrücken Candy Crush
18%
Allee Pionier Street Fighter
12%
Verägerte Flieger Angry Birld
8%
anonym Uncharted
4%
Keine übereinstimmenden Quizze gefunden
Verteilung der Resultate
Anzahl Personen mit jedem Resultat
Perzentil nach korrekt beantworteten Fragen
Ihre Resultats-Entwicklung
Sie haben dieses Quiz noch nicht gespielt